Confederate State Flags - Statistics

General Stats
  • This quiz has been taken 39 times
  • The average score is 7 of 10
Answer Stats
Picture Answer % Correct
South Carolina
83%
Virginia
83%
Texas
78%
Louisiana
72%
Alabama
67%
Mississippi
61%
North Carolina
61%
Florida
50%
Georgia
50%
Tennessee
50%
No matching quizzes found
Score Distribution
Percent of People with Each Score
Percentile by Number Answered
Your Score History
You have not taken this quiz